000 00489nam a2200181Ia 4500
003 GCL
008 140319s9999 xx 000 0 eng d
040 _aGCL /
_cGCL
082 0 4 _a128.2
_bM P
100 1 _aMCGINN, COLIN
245 1 0 _aTHE PROBLEM OF CONSCIOUSNESS :?ESSAYS TOWARDS A RESOLUTION /
_cMCGINN, COLIN
260 _a[S.N] :
_bBLACK WELL ،
_c1993
300 _a216 P
650 0 4 _aCONSCIOUSNESS
650 0 4 _aMIND AND BODY
650 0 4 _aPHILOSOPHY - MIND
942 _2ddc
_cBK
999 _c20601
_d20601